ბათუმის შოთა რუსთაველის სახელმწიფო უნივერსიტეტის ბიბლიოთეკა

Turkish Foreigh Policy. 1919-2006 : (ბიბ.ჩანაწერი № 36442)

000 -LEADER
fixed length control field 00674nam a2200193Ia 4500
001 - CONTROL NUMBER
control field 2357
003 - CONTROL NUMBER IDENTIFIER
control field GE_BSU
005 - DATE AND TIME OF LATEST TRANSACTION
control field 20221027104644.0
008 - FIXED-LENGTH DATA ELEMENTS--GENERAL INFORMATION
fixed length control field 181216s2010tu xx |||||||||||||| ||tur||
040 ## - CATALOGING SOURCE
Transcribing agency GE_BSU
041 ## - LANGUAGE CODE
Language code of text/sound track or separate title tur
080 ## - UNIVERSAL DECIMAL CLASSIFICATION NUMBER
Universal Decimal Classification number 327(560) T-95
245 ## - TITLE STATEMENT
Title Turkish Foreigh Policy. 1919-2006 :
Remainder of title Facts and Analises with Documents
264 ## - PRODUCTION, PUBLICATION, DISTRIBUTION, MANUFACTURE, AND COPYRIGHT NOTICE
Date of production, publication, distribution, manufacture, or copyright notice 2010.
300 ## - PHYSICAL DESCRIPTION
Extent 968 c.:
653 ## - INDEX TERM--UNCONTROLLED
keyword Turkish Foreigh Policy. 1919-2006 Facts and Analises with Documents
653 ## - INDEX TERM--UNCONTROLLED
keyword თურქეთის საგარეო პოლიტიკა. 1919-2006 ფაქტები და ანალიზი დოკუმენტებით
942 ## - ADDED ENTRY ELEMENTS (KOHA)
Koha item type წიგნი
Source of classification or shelving scheme
ეგზემპლარები
Withdrawn status Lost status Source of classification or shelving scheme Damaged status Not for loan Permanent Location Current Location Shelving location Date acquired Cost, normal purchase price Full call number Barcode Date last seen Copy number Price effective from Koha item type Public note
          ბათუმის შოთა რუსთაველის სახელმწიფო უნივერსიტეტის მთავარი ბიბლიოთეკა ბათუმის შოთა რუსთაველის სახელმწიფო უნივერსიტეტის მთავარი ბიბლიოთეკა წიგნსაცავი 2018-12-17 35.00 327(560) T-95 4533 2018-12-17 4533 2018-12-17 წიგნი 35.00